[Event "Sandton SWVG rapid op"]
[Site "Sandton"]
[Date "2019.05.18"]
[Round "1"]
[White "Kushar, Michael"]
[Black "Oatlhotse, Providence"]
[Result "0-1"]
[WhiteElo "1871"]
[BlackElo "2228"]
[PlyCount "88"]
[EventDate "2019.05.18"]
[EventType "swiss (rapid)"]
[EventRounds "10"]
[EventCountry "RSA"]
[SourceTitle "CBM 190 Extra"]
[Source "ChessBase"]
[SourceDate "2019.07.15"]
[SourceVersion "1"]
[SourceVersionDate "2019.07.15"]
[SourceQuality "1"]

1. e4 c5 2. c3 Nf6 3. e5 Nd5 4. d4 cxd4 5. cxd4 d6 6. Nf3 e6 7. Nc3 Nxc3 8. bxc3 Qc7 9. Bd2 Nd7 10. Bb5 a6 11. Bxd7+ Bxd7 12. 0-0 Be7 13. Re1 0-0 14. Rc1 b5 15. h3 Rac8 16. Bg5 Bc6 17. Bxe7 Qxe7 18. exd6 Qxd6 19. Ne5 Ba8 20. Nd3 Qd5 21. f3 Qxa2 22. Nc5 Rfd8 23. Re2 Qa5 24. Qe1 Qb6 25. Rb1 Bd5 26. Kh1 h6 27. Reb2 Qd6 28. Ra1 Ra8 29. Qe3 Rdc8 30. Rb4 Qc6 31. Ra5 Qb6 32. Ra1 a5 33. Rb2 Qc6 34. Rab1 Bc4 35. Ne4 a4 36. Ra1 a3 37. Rb4 a2 38. Qf2 Ra3 39. Qd2 Bd5 40. Nc5 Bxf3 41. Rxa2 Bxg2+ 42. Qxg2 Rxa2 43. Qxc6 Rxc6 44. Rxb5 Rc2 0-1

[Event "Johannesburg Sandton op"]
[Site "Johannesburg"]
[Date "2018.05.20"]
[Round "10"]
[White "Mpya, Tshediso M"]
[Black "Kushar, Michael"]
[Result "1-0"]
[WhiteElo "1929"]
[BlackElo "1884"]
[PlyCount "69"]
[EventDate "2018.05.19"]
[EventType "swiss"]
[EventRounds "10"]
[EventCountry "RSA"]
[SourceTitle "CBM 184 Extra"]
[Source "ChessBase"]
[SourceDate "2018.06.28"]
[SourceVersion "1"]
[SourceVersionDate "2018.06.28"]
[SourceQuality "1"]

1. e4 g6 2. Nf3 Bg7 3. Bc4 d6 4. h3 Nf6 5. d3 b6 6. Nc3 Bb7 7. 0-0 0-0 8. Bb3 c5 9. Bd2 Nc6 10. Qe2 Rc8 11. Rae1 Nd7 12. Bg5 h6 13. Bh4 Na5 14. Nd1 Nxb3 15. axb3 g5 16. Bg3 Nf6 17. e5 dxe5 18. Bxe5 e6 19. Nd2 Qd5 20. f4 Nh5 21. Ne3 Nxf4 22. Bxf4 Bd4 23. Kh1 Qd7 24. Bh2 Qc6 25. Rf2 Bxb2 26. Ndc4 Bd4 27. Nd6 Rcd8 28. Nxb7 Qxb7 29. Qh5 Kg7 30. Ng4 Rh8 31. Be5+ Bxe5 32. Rxe5 f5 33. Rxe6 Qf7 34. Qxf7+ Kxf7 35. Rf6+ 1-0

[Event "Johannesburg Sandton op"]
[Site "Johannesburg"]
[Date "2018.05.19"]
[Round "2"]
[White "Kushar, Michael"]
[Black "Van der Walt, Pierre E"]
[Result "0-1"]
[WhiteElo "1884"]
[BlackElo "1993"]
[PlyCount "24"]
[EventDate "2018.05.19"]
[EventType "swiss"]
[EventRounds "10"]
[EventCountry "RSA"]
[SourceTitle "CBM 184 Extra"]
[Source "ChessBase"]
[SourceDate "2018.06.28"]
[SourceVersion "1"]
[SourceVersionDate "2018.06.28"]
[SourceQuality "1"]

1. e4 d5 2. exd5 Qxd5 3. Nc3 Qd6 4. Nf3 Nf6 5. d4 a6 6. Bc4 Bg4 7. Bxf7+ Kxf7 8. Ne5+ Qxe5+ 9. dxe5 Bxd1 10. exf6 Bxc2 11. fxe7 Bxe7 12. Bf4 c6 0-1